Największe miasta w Austrii • A-Z - Statystyki

Ogólne statystyki
  • Ten quiz został rozwiązany 174 razy
  • Średni wynik to 5 z 22
Statystyki odpowiedzi
# populacja miasto % Poprawnych
W 1.888.776 Wiedeń
99%
S 153.377 Salzburg
83%
G 286.292 Graz
78%
L 204.846 Linz
76%
I 132.493 Innsbruck
73%
K 100.369 Klagenfurt
40%
V 58 882 Villach
29%
B 29.806 Bregencja
11%
D 49.278 Dornbirn
7%
E 14.476 Eisenstadt
7%
A 23.656 Amstetten
6%
F 33.420 Feldkirch
6%
R 11.903 Ried im Innkreis
4%
M 20.555 Mödling
3%
H 21.150 Hallein
1%
J 9.960 Judenburg
1%
O 7,166 Oberwart
1%
Z 10.908 Zwettl-Niederösterreich
1%
N 12.879 Neunkirchen
0%
P 9.293 Purkersdorf
0%
T 24.477 Traun
0%
Y 5,602 Ybbs an der Donau
0%
Nie znaleziono quizów pasujących do podanych kryteriów
Rozkład punktacji
Procent ludzi z każdym wynikiem
Percentyl według liczby udzielonych odpowiedzi
Twoja historia wyników
Nie rozwiązałeś tego quizu